00681nam a2200181 i 450000100060000000300090000600500170001500700030003200800410003524500490007626000330012530000220015850000760018071000720025685200320032899900170036095201220037764672ES-MaACL20250828090120.0t|040102s1970 sp ||||1| spa d00aFormación sacerdotal b: normas básicas. aMadrid : bCoculsa, c[1970] a135 p. ; c14 cm. aPrecede al tit.: Sagrada Congregación para la Educación Católica.2 aIglesia Católica. bCongregatio pro Institutione Catholica 96475 aES-MaACLjC-48724 bR.74039 c64672d64672 00104070aATENEOMbATENEOMcDEPO2d2008-01-17eSCl0oC-48724p1067765r2023-02-23 00:00:00w2023-02-23yMONOGRAFIA